000 00685nam a2200289Ia 4500
005 20260324124900.0
008 008 260324s9999 xx 000 0 eng d
020 _a9781315605357
037 _aEBOOK
040 _aCRL
040 _beng
040 _cCRL
041 _2eng
041 _aeng
084 _qCRL
100 _aMichael Dewe
_91175858
245 0 _aRenewing our Libraries
245 0 _bCase Studies in Re-planning and Refurbishment
260 _bTaylor and Francis
260 _c2009
365 _a
365 _b255
856 _uhttp://www.taylorfrancis.com/books/9781315605357
942 _cEBOOK
999 _c1770643
_d1770643